000 00485nam a2200169 i 4500
001 83743
003 ES-MaACL
007 t|
008 041118s1983 sp ||||1| spa d
020 _a84-283-1271-0
100 1 _aIsidoro Carmona, Anibal.
_965568
245 1 0 _aAerodinámica y actuaciones del avión /
_cAníbal Isidoro Carmona.
250 _a5ª ed. corr. y amp.
260 _aMadrid :
_bParaninfo,
_c1983.
300 _a448 p. ;
_c22 cm.
852 _aES-MaACL
_jL-8742
_bR.108535
999 _c83743
_d83743